Beste Champions League Torschützen Atlético Madrid - Statistiken

Allgemein
  • Dieses Quiz wurde 287 mal gespielt
    34 seit der letzten Aktualisierung
  • Das Durchschnittsergebnis liegt bei 14 aus 21
Antwortstatistiken
Saison Nationalität Tore Spieler % Korrekt
2023/24 Frankreich 6 Antoine Griezmann
100%
2022/23 Frankreich 1 Antoine Griezmann
100%
2021/22 Frankreich 4 Antoine Griezmann
100%
2018/19 Frankreich 4 Antoine Griezmann
100%
2017/18 Frankreich 2 Antoine Griezmann
100%
2016/17 Frankreich 6 Antoine Griezmann
100%
2015/16 Frankreich 7 Antoine Griezmann
100%
2025/26 Argentinien 10 Julián Alvarez
88%
2024/25 Argentinien 7 Julián Alvarez
88%
2022/23 Belgien 1 Yannick Carrasco
66%
2020/21 Spanien 6 Álvaro Morata
56%
2019/20 Spanien 3 Álvaro Morata
56%
2014/15 Kroatien 5 Mario Mandžukić
56%
2009/10 Argentinien 2 Sergio Agüero
56%
2008/09 Argentinien 3 Sergio Agüero
56%
2019/20 Portugal 3 João Félix
53%
2013/14 Spanien 8 Diego Costa
44%
2022/23 Argentinien 1 Rodrigo De Paul
31%
2022/23 Spanien 1 Mario Hermoso
9%
2008/09 Argentinien 3 Maximiliano Rodríguez
0%
1996/97 Serbien 5 Milinko Pantić
0%
Keine übereinstimmenden Quizze gefunden
Verteilung der Resultate
Anzahl Personen mit jedem Resultat
Perzentil nach korrekt beantworteten Fragen
Ihre Resultats-Entwicklung
Sie haben dieses Quiz seit der letzten Aktualisierung nicht gespielt